Music Quiz

Random Music or Artist Quiz

Hand-Drawn Album Covers Quiz Stats

 Plays Quiz Updated May 15, 2017

Support Sporcle.
Go Orange.
Score 0/18 Timer 12:00
3 Plays Today
% Correct
Pink Floyd - The Dark Side of the Moon
93.8%
Bruce Springsteen - Born in the U.S.A.
86%
Nirvana - Nevermind
78%
Green Day - American Idiot
75.1%
Eagles - Hotel California
65.5%
Guns N' Roses - Appetite for Destruction
62.9%
Boston - Boston
45.9%
Led Zeppelin - Houses of the Holy
45.9%
Metallica - Master of Puppets
43%
% Correct
The Who - Who's Next
39.2%
David Bowie - Aladdin Sane
36.2%
The Velvet Underground - The Velvet Underground & Nico
35%
Dire Straits - Brothers in Arms
34%
The Rolling Stones - Let It Bleed
30%
R.E.M. - Automatic for the People
28.6%
Rush - 2112
22.9%
The Police - Ghost in the Machine
20.7%
King Crimson - In the Court of the Crimson King
19.2%

You're not logged in!

Compare scores with friends on all Sporcle quizzes.
OR
Log In
Forgot?

From the Vault

Remove Ads.
Support Sporcle.
Get the best of Sporcle when you Go Orange. This ad-free experience offers more features, more stats, and more fun while also helping to support Sporcle. Thank you for becoming a member.

Show Comments

Extras

Top Quizzes Today


Score Distribution

Your Account Isn't Verified!

In order to create a playlist on Sporcle, you need to verify the email address you used during registration. Go to your Sporcle Settings to finish the process.

Report this User

Report this user for behavior that violates our Community Guidelines.

Details: